| 000 | 00000nam 2200000za 4500 |
| 001 | 9.806387 |
| 003 | CaOODSP |
| 005 | 20241120095156 |
| 007 | cr ||||||||||| |
| 008 | 160505s2015 quco ob f000 0 fre d |
| 020 | |a978-0-660-03901-5 |
| 022 | |a1705-5814 |
| 040 | |aCaOODSP|bfre |
| 043 | |an-cn--- |
| 086 | 1 |aFo113-1/102-2015F-PDF |
| 100 | 1 |aLarocque, Guy R., |d1955- |
| 245 | 10|aPlantations de peupliers et de saules |h[ressource électronique] : |bcomment évaluer leur potentiel en bioénergie? / |c[Guy Larocque]. |
| 260 | |a[Québec (Québec)] : |bRessources naturelles Canada, |cc2015. |
| 300 | |a1 p. : |bill. |
| 490 | 1 |aL'éclaircie du Service canadien des forêts, Centre de foresterie des Laurentides, |x1705-5814 ; |v102 |
| 500 | |aPubl. aussi en anglais sous le titre : Assessing the bioenergy potential of poplar and willow plantations. |
| 500 | |aL’ISSN (1705-5806) de l'édition imprimée a été copié dans l’édition électronique. |
| 520 | 3 |aÉtablir une plantation à des fins de bioénergie avec des essences à croissance rapide comme des peupliers hybrides ou des saules est une chose; comment faire pour estimer la quantité de biomasse qu’elle contient en est une autre. C’est pour répondre à ce besoin qu’une équipe du Service canadien des forêts a développé l’outil CALBIOEN (CALcul de BIOmasse pour ÉNergie). |
| 530 | |aÉgalement publié en version imprimée. |
| 692 | 07|2gccst|aArbre |
| 692 | 07|2gccst|aBiomasse |
| 692 | 07|2gccst|aBioénergie |
| 710 | 1 |aCanada.|bRessources naturelles Canada. |bService canadien des forêts. |
| 710 | 2 |aCentre de foresterie des Laurentides. |
| 775 | 08|tAssessing the bioenergy potential of poplar and willow plantations |w(CaOODSP)9.806385 |
| 776 | 0#|tPlantations de peupliers et de saules |w(CaOODSP)9.806386 |
| 830 | #0|aL'éclaircie du Service canadien des forêts, Centre de foresterie des Laurentides,|x1705-5814 ; |v102.|w(CaOODSP)9.501099 |
| 856 | 40|qPDF|s1.40 Mo|uhttps://publications.gc.ca/collections/collection_2016/rncan-nrcan/Fo113-1-102-2015-fra.pdf |
| 986 | |aNuméro de catalogue : 36494 |